Let's bake the future /

Bibliographic Details
Other Authors: Herzog, K. (Katalin), Mars, Ton, 1950-, Nijenhof, Linda, Ruiter, Peter de, 1956-, Slomp, Margo
Format: Book
Language:English
Published: Groningen : Frank Mohr Instituut, Hanzehogeschool, 2007.
Subjects:

MARC

Tag First Indicator Second Indicator Subfields
LEADER 00000cam a2200000Ia 4500
001 in00002398039
005 20151109063256.0
008 071208s2007 ne a 000 0deng d
020 |a 9789077962022 
020 |a 9077962026 
035 |a (OCoLC)ocn183263731 
035 |a (OCoLC)183263731 
040 |a BTCTA  |c BTCTA  |d BAKER  |d YDXCP  |d NLF  |d UtOrBLW 
049 |a TXAM 
050 4 |a N6948.6  |b L48 2007 
245 0 0 |a Let's bake the future /  |c editors Katalin Herzog, Ton Mars, Linda Nijenhof, Peter de Ruiter, Margo Slomp. 
264 1 |a Groningen :  |b Frank Mohr Instituut, Hanzehogeschool,  |c 2007. 
300 |a 141 pages :  |b color illustrations ;  |c 25 cm. 
336 |a text  |b txt  |2 rdacontent 
337 |a unmediated  |b n  |2 rdamedia 
338 |a volume  |b nc  |2 rdacarrier 
504 |a Includes bibliographical references. 
650 0 |a Art, Dutch  |z Netherlands  |y 21st century. 
700 1 |a Herzog, K.  |q (Katalin) 
700 1 |a Mars, Ton,  |d 1950- 
700 1 |a Nijenhof, Linda. 
700 1 |a Ruiter, Peter de,  |d 1956- 
700 1 |a Slomp, Margo. 
938 |a Baker and Taylor  |b BTCP  |n BK0007549890 
938 |a Baker & Taylor  |b BKTY  |c 41.00  |d 30.75  |i 9077962026  |n 0007549890  |s active 
938 |a YBP Library Services  |b YANK  |n 2774261 
945 |a PromptCat  |b 431583 
946 |a stk 
947 |a A14836789702 
994 |a 92  |b TXA 
948 |a cataloged  |b h  |c 2008/6/12  |d c  |e asalazar  |f 2:41:38 pm 
999 |a MARS 
999 f f |s c63b85a8-d620-3df1-af60-87a2a8160436  |i 5fc43485-3771-35cd-b3c2-749122da84cf  |t 0 
952 f f |p normal  |a Texas A&M University  |b College Station  |c Sterling C. Evans Library  |d Evans: Library Stacks  |t 0  |e N6948.6 L48 2007  |h Library of Congress classification  |i unmediated -- volume  |m A14836789702 
998 f f |a N6948.6 L48 2007  |t 0  |l Evans: Library Stacks